| 000 | 00429cam a2200169ua 4500 | ||
|---|---|---|---|
| 020 | _cRs.15/- | ||
| 041 |
_ahin _h |
||
| 082 |
_a891.43 _bRAG/YO |
||
| 100 | _aRagunathsing, . | ||
| 245 |
_aYogavaisistha singh / _cRagunathsingh. _hTextual Documents |
||
| 260 |
_aVaranasi : _bHindi Pracharak Pusthakalayam , _c1965. |
||
| 300 | _a632 ; . | ||
| 365 | _aRs.15/- | ||
| 504 | _a | ||
| 942 | _cBK | ||
| 999 |
_c12256 _d12256 |
||